Statistics for Countries With The Most Polish People

Click here to take the quiz!

General Stats

  • This quiz has been taken 49 times
  • The average score is 29 of 35

Answer Stats

PolesCountry% Correct
62,000Spain
100%
137,000Sweden
100%
1,1 milUnited Kingdom
100%
1,2 milCanada
98%
5,0 milGermany
98%
108,200Norway
98%
37,4 milPoland
98%
9,5 milUnited States
98%
1,0 milFrance
95%
97,800Italy
93%
350,000Russia
93%
145,000Ukraine
93%
3,2 milBrazil
91%
52,000Czech Republic
91%
40,200Denmark
91%
30,000Mexico
91%
12,200Slovakia
91%
210,000Australia
89%
67,000Austria
89%
700,000Belarus
89%
850,000Argentina
86%
122,000Ireland
84%
320,000Lithuania
84%
75,000Latvia
80%
10,000New Zealand
80%
81,000Switzerland
80%
45,000Chile
77%
50,000Greece
68%
25,000South Africa
68%
55,000Uruguay
66%
8,500Moldova
52%
640,000Israel
50%
22,000Venezuela
50%
100,000Kazakhstan
48%
19,500Ghana
5%

Score Distribution

Percentile by Number Answered

Percent of People with Each Score

Your Score History

You have not taken this quiz